Yearbook 2004/05

Guardado en:
Detalles Bibliográficos
Formato: Libro
Lenguaje:inglés
Publicado: Zurich Swiss-American Chamber of Commerce 2004
Materias:
Etiquetas: Agregar Etiqueta
Sin Etiquetas, Sea el primero en etiquetar este registro!

MARC

LEADER 00000nam$a2200000$$$4500
001 0107283
005 20230314080309.7
041 0 |a eng 
044 |a CH 
245 1 0 |a Yearbook 2004/05 
264 1 |a Zurich  |b Swiss-American Chamber of Commerce  |c 2004 
300 |a 357 s. 
610 2 0 |a komory obchodné 
610 2 0 |a investovanie 
610 2 0 |a portfólio 
610 2 0 |a obchod 
610 2 0 |a ruch cestovný 
610 2 0 |a poistenie 
610 2 0 |a mena 
610 2 0 |a ceny 
610 2 0 |a migrácia 
610 2 0 |a dohody 
610 2 0 |a zmluvy 
610 2 0 |a Švajčiarsko 
610 2 0 |a USA